LEADER 01026nam 2200277z- 450 001 9910689317703321 005 20161209075107.0 035 $a(CKB)5860000000030419 035 $a(BIP)058833452 035 $a(EXLCZ)995860000000030419 100 $a20220406c2000uuuu -u- - 101 0 $aeng 200 10$aOversight of pension issues $ehearing before the Subcommittee on Oversight of the Committee on Ways and Means, House of Representatives, One Hundred Fifth Congress, second session, May 5, 1998 215 $a1 online resource (iii, 215 p.) 311 08$a0-16-060528-8 517 $aOversight of pension issues 606 $aPension trusts$xTaxation$zUnited States 606 $aPensions$xTaxation$zUnited States 606 $aEmployee fringe benefits$xTaxation$zUnited States 615 0$aPension trusts$xTaxation 615 0$aPensions$xTaxation 615 0$aEmployee fringe benefits$xTaxation 906 $aBOOK 912 $a9910689317703321 996 $aOversight of pension issues$93125792 997 $aUNINA